000 00570nam a2200181 a 4500
001 000034011
005 20200930070711.0
008 110921s1980 dr 000 0 spa d
040 _aDO-SdBNP
_bspa
_cBNPHU
082 _axxxx
_bR426e
110 1 _aRepública Dominicana.
_bBallet Folklorico Dominicano
_959456
245 1 0 _a¿Que es el Ballet Folklorico Dominicano?
260 _aSanto Domingo :
_bServicios Gráficos Diversos,
_c1980.
300 _a45 p. ; :
_bil. ;
_c22 cm.
490 1 _aPublicaciones
_vno. 2
830 0 _aPublicaciones
_vno. 2
_97786
049 _aBNPD
999 _c33502
_d33502